000 00920nam0a22002891 4500
001 RU\NLR\INFOCOMM_190\5000082972
005 20250613101430.0
035 _a(NLR Aleph) 009378650
090 _a7968398
_c7968398
100 _a20101223d1937 |||y0rusy50 ca
101 0 _ager
102 _aRU
105 _ay ||||000|y
200 1 _aMaxim Gorki über Puschkin
210 _aEngels
_cDeutscher Staatsverl.
_d1937
215 _a34, [2] с.
_d18 см
225 1 _aKleine Puschkin-Bibliothek
_v№ 4
300 _aНа обороте тит. л.: Deutsch von A. Plantener
517 1 _aÜber Puschkin
600 1 _aПушкин
_bА. С.
_f1799-1837
_gАлександр Сергеевич
_2nlr_sh1
700 1 _aGor'kij
_bM.
_f1868-1936
_gMaksim
_4070
801 1 _aRU
_bNLR
_c20101223
801 0 _aRU
_bNLR
_gPSBO
852 _aNLR
_jD10/794
_y2 экз.
852 _aNLR
_bIV отд.
_y3-й экз.
942 _cBOOK
980 _aNB